World Map Minesweeper Randomized (Beginner) - Statistics

General Stats
  • This quiz has been taken 1,966 times
  • The average score is 18 of 20
Answers on the Map
Answers color-coded by a green-red scale on the quiz's map according to % correct below.
 
Answer Stats
Country % Correct
United States
100%
Brazil
98%
Canada
98%
Pakistan
98%
China
97%
Mexico
97%
Morocco
97%
Russia
97%
D. R. Congo
96%
Papua New Guinea
96%
Bolivia
95%
France
95%
Kazakhstan
95%
Spain
95%
Syria
95%
Cambodia
94%
Egypt
94%
Ghana
94%
India
94%
Iraq
94%
Kenya
94%
Latvia
94%
Mongolia
94%
Netherlands
94%
Niger
94%
Turkey
94%
Venezuela
94%
Colombia
93%
Czech Republic
93%
Eswatini
93%
Greece
93%
Libya
93%
Mali
93%
Panama
93%
Serbia
93%
Sudan
93%
Uruguay
93%
Vietnam
93%
Zimbabwe
93%
Afghanistan
92%
Algeria
92%
Angola
92%
Argentina
92%
Bosnia and Herzegovina
92%
Denmark
92%
Eritrea
92%
Ethiopia
92%
Italy
92%
Kuwait
92%
Malaysia
92%
North Korea
92%
Paraguay
92%
Peru
92%
Rep. of the Congo
92%
Saudi Arabia
92%
Somalia
92%
Sweden
92%
Togo
92%
United Arab Emirates
92%
Belarus
91%
Central African Republic
91%
Chile
91%
Finland
91%
Mozambique
91%
Namibia
91%
Portugal
91%
Slovenia
91%
Belgium
90%
Belize
90%
Benin
90%
Bhutan
90%
Costa Rica
90%
East Timor
90%
Equatorial Guinea
90%
Hungary
90%
Indonesia
90%
Israel
90%
Jordan
90%
Kosovo
90%
Lesotho
90%
Nicaragua
90%
Nigeria
90%
Romania
90%
Thailand
90%
Tunisia
90%
Bulgaria
89%
Estonia
89%
Guinea
89%
Guyana
89%
Honduras
89%
Laos
89%
Moldova
89%
Nepal
89%
Oman
89%
Qatar
89%
Senegal
89%
Slovakia
89%
South Africa
89%
South Sudan
89%
Tajikistan
89%
Bangladesh
88%
Cameroon
88%
Chad
88%
Croatia
88%
Norway
88%
Rwanda
88%
South Korea
88%
Yemen
88%
Austria
87%
Botswana
87%
Djibouti
87%
Gambia
87%
Georgia
87%
Guatemala
87%
Guinea-Bissau
87%
Iran
87%
Liberia
87%
Lithuania
87%
Myanmar
87%
Poland
87%
Switzerland
87%
Ukraine
87%
Azerbaijan
86%
Ecuador
86%
Lebanon
86%
Mauritania
86%
Tanzania
86%
Turkmenistan
86%
Zambia
86%
El Salvador
85%
Gabon
85%
Germany
85%
Kyrgyzstan
85%
Luxembourg
85%
Uzbekistan
85%
Albania
84%
Ivory Coast
84%
Sierra Leone
84%
Armenia
83%
Montenegro
83%
North Macedonia
83%
Burundi
82%
Suriname
82%
Uganda
82%
Burkina Faso
81%
Malawi
81%
No matching quizzes found
Score Distribution
Percent of People with Each Score
Percentile by Number Answered
Your Score History
You have not taken this quiz